[Event "Van Leeuwen Memorial 2nd"]
[Site "Ghent"]
[Date "2013.04.16"]
[Round "4"]
[White "Dhooghe, Achiel"]
[Black "Van de Velde, Koen"]
[Result "1/2-1/2"]
[WhiteElo "1658"]
[BlackElo "2119"]
[PlyCount "86"]
[EventDate "2013.03.26"]
[EventType "swiss"]
[EventRounds "9"]
[EventCountry "BEL"]
[SourceTitle "EXT 2014"]
[Source "ChessBase"]
[SourceDate "2013.11.20"]
[SourceVersion "1"]
[SourceVersionDate "2013.11.20"]
[SourceQuality "1"]

1. d4 d5 2. Nf3 Nf6 3. e3 c6 4. Bd3 e6 5. 0-0 Bd6 6. Nbd2 0-0 7. Re1 Nbd7 8. e4 dxe4 9. Nxe4 Nxe4 10. Bxe4 f5 11. Bd3 Nf6 12. c3 Qc7 13. h3 c5 14. Qb3 b5 15. dxc5 Bxc5 16. Be3 Nd5 17. Bxc5 Qxc5 18. Qxb5 Qxb5 19. Bxb5 Rb8 20. Bc4 Rxb2 21. Bxd5 exd5 22. Re5 Rc2 23. Rxd5 Rxc3 24. Rd4 f4 25. a4 Bxh3 26. Ng5 Bc8 27. Rad1 h6 28. Ne4 Rc6 29. Nd6 h5 30. Nc4 h4 31. Ne5 Re6 32. Nf3 Rh6 33. Rd8 Bg4 34. Rxf8+ Kxf8 35. Rd4 Bxf3 36. gxf3 g5 37. Rd5 Rg6 38. Kh2 Ke7 39. Kh3 Ke6 40. Ra5 Rg7 41. Rb5 Kd6 42. Rf5 Ke6 43. Ra5 Kd6 1/2-1/2

[Event "Ghent VSF-chB"]
[Site "Ghent"]
[Date "2007.05.20"]
[Round "7"]
[White "Van de Velde, Koen"]
[Black "Gijsen, Stief"]
[Result "1-0"]
[WhiteElo "2149"]
[BlackElo "2107"]
[PlyCount "77"]
[EventDate "2007.05.17"]
[EventType "swiss"]
[EventRounds "7"]
[EventCountry "BEL"]
[SourceTitle "EXT 2009"]
[Source "ChessBase"]
[SourceDate "2008.11.26"]
[SourceVersion "1"]
[SourceVersionDate "2008.11.26"]
[SourceQuality "1"]

1. Nf3 d6 2. c4 g6 3. g3 Bg7 4. Bg2 e5 5. Nc3 Nc6 6. 0-0 Nf6 7. d3 0-0 8. Rb1 a5 9. a3 h6 10. b4 axb4 11. axb4 Be6 12. b5 Ne7 13. Bb2 Qd7 14. Re1 Bh3 15. Bh1 Nh5 16. Nd2 Rab8 17. Ra1 f5 18. Nd5 f4 19. Nxe7+ Qxe7 20. e3 fxg3 21. hxg3 Qf6 22. Ne4 Qf5 23. Ra7 Bg4 24. Qd2 Bf3 25. Bxf3 Qxf3 26. b6 cxb6 27. Ba3 Ra8 28. Rxa8 Rxa8 29. Bxd6 Nf6 30. Bxe5 Nxe4 31. dxe4 Qxe4 32. Bxg7 Kxg7 33. Qb2+ Kg8 34. Rd1 Qe6 35. Rd5 Rc8 36. Qd4 Rc6 37. Rd8+ Kf7 38. Rd7+ Ke8 39. Rxb7 1-0

[Event "BEL-chT 0506"]
[Site "Belgium"]
[Date "2005.11.20"]
[Round "4"]
[White "Remy, Joel"]
[Black "Van de Velde, Koen"]
[Result "0-1"]
[WhiteElo "2074"]
[BlackElo "2130"]
[PlyCount "123"]
[EventDate "2005.10.09"]
[EventType "team-tourn"]
[EventRounds "11"]
[EventCountry "BEL"]
[SourceTitle "EXT 2007"]
[Source "ChessBase"]
[SourceDate "2006.11.23"]
[SourceVersion "1"]
[SourceVersionDate "2006.11.23"]
[SourceQuality "1"]
[WhiteTeam "Charleroi CREC"]
[BlackTeam "KGSRL"]
[WhiteTeamCountry "BEL"]
[BlackTeamCountry "BEL"]

1. b3 Nf6 2. Bb2 g6 3. Bxf6 exf6 4. c4 Bg7 5. Nc3 f5 6. Rc1 0-0 7. g3 Nc6 8. Bg2 b6 9. e3 Bb7 10. Nge2 Qc8 11. Nd5 Re8 12. 0-0 Ne7 13. Nxe7+ Rxe7 14. Bxb7 Qxb7 15. Nf4 c6 16. d4 Bh6 17. Nd3 d6 18. b4 a5 19. b5 cxb5 20. cxb5 Rc8 21. Qd2 Rec7 22. Rxc7 Rxc7 23. Rc1 Rxc1+ 24. Qxc1 Qd5 25. a4 Qb3 26. Qc6 Qxa4 27. Qxb6 Qd1+ 28. Kg2 Qxd3 29. Qc6 Bxe3 30. fxe3 Qe2+ 31. Kg1 Qxe3+ 32. Kf1 Qd3+ 33. Ke1 Qe3+ 34. Kf1 Qd3+ 35. Ke1 a4 36. b6 a3 37. Qa8+ Kg7 38. b7 Qc3+ 39. Kf2 Qb2+ 40. Kf3 a2 41. b8Q Qxb8 42. Qxb8 a1Q 43. Qxd6 Qh1+ 44. Ke3 Qxh2 45. d5 Qg1+ 46. Kd3 Qd1+ 47. Kc4 Qc2+ 48. Kb5 Qe2+ 49. Kc6 h5 50. Kc7 Qe8 51. Qd7 Qxd7+ 52. Kxd7 f4 53. gxf4 h4 54. d6 h3 55. Kc7 h2 56. d7 h1Q 57. d8Q Qc1+ 58. Kb7 Qxf4 59. Qd3 g5 60. Qc3+ f6 61. Qh3 g4 62. Qd3 0-1

[Event "BEL-chT 0506"]
[Site "Belgium"]
[Date "2005.11.06"]
[Round "3"]
[White "Van de Velde, Koen"]
[Black "De Haan, Eric"]
[Result "1/2-1/2"]
[WhiteElo "2130"]
[BlackElo "2294"]
[PlyCount "120"]
[EventDate "2005.10.09"]
[EventType "team-tourn"]
[EventRounds "11"]
[EventCountry "BEL"]
[SourceTitle "EXT 2006"]
[Source "ChessBase"]
[SourceDate "2005.11.24"]
[SourceVersion "1"]
[SourceVersionDate "2005.11.24"]
[SourceQuality "1"]
[WhiteTeam "KGSRL"]
[BlackTeam "Borgerhout"]
[WhiteTeamCountry "BEL"]
[BlackTeamCountry "BEL"]

1. Nf3 Nf6 2. c4 c5 3. g3 b6 4. Bg2 Bb7 5. 0-0 g6 6. Nc3 Bg7 7. d4 cxd4 8. Nxd4 Bxg2 9. Kxg2 0-0 10. e4 Qc7 11. b3 Nxe4 12. Nxe4 Qe5 13. Qf3 Qxd4 14. Be3 Qe5 15. Rad1 Qc7 16. Bf4 Qc6 17. Rd5 Na6 18. Rfd1 Rad8 19. h4 Nc7 20. Bxc7 Qxc7 21. h5 Qc6 22. hxg6 fxg6 23. Qg4 h5 24. Qe2 Rf5 25. f3 Qe6 26. Qd3 Rxd5 27. cxd5 Qe5 28. d6 Rc8 29. dxe7 Qxe7 30. Rd2 Rc7 31. Qd6 Qxd6 32. Rxd6 Rc2+ 33. Kh3 Rxa2 34. Rxg6 Kf7 35. Rd6 Ke7 36. Rg6 Bd4 37. Rh6 Bg1 38. Rxh5 Rh2+ 39. Kg4 Rb2 40. Rh7+ Kd8 41. Nf6 Rd2 42. Kf5 a5 43. g4 Rd3 44. f4 Rxb3 45. Rxd7+ Kc8 46. g5 Rb5+ 47. Ke6 Be3 48. g6 Bxf4 49. g7 Re5+ 50. Kf7 Rg5 51. g8Q+ Rxg8 52. Kxg8 Be5 53. Rf7 Bxf6 54. Rxf6 Kc7 55. Kf7 a4 56. Ke6 Kc6 57. Ke5+ Kc5 58. Ke4 Kc4 59. Rc6+ Kb5 60. Rc1 a3 1/2-1/2

[Event "Ghent VSF-chB"]
[Site "Ghent"]
[Date "2003.05.31"]
[Round "3"]
[White "Van de Velde, Koen"]
[Black "Van de Wynkele, Eric"]
[Result "0-1"]
[WhiteElo "2195"]
[BlackElo "2103"]
[PlyCount "64"]
[EventDate "2003.05.29"]
[EventType "swiss"]
[EventRounds "7"]
[EventCountry "BEL"]
[SourceTitle "EXT 2005"]
[Source "ChessBase"]
[SourceDate "2004.11.15"]
[SourceVersion "1"]
[SourceVersionDate "2004.11.15"]
[SourceQuality "1"]

1. c4 e6 2. Nf3 d5 3. d4 Nc6 4. Nc3 Nf6 5. Bg5 Bb4 6. e3 h6 7. Bh4 g5 8. Bg3 Ne4 9. Qc2 h5 10. 0-0-0 Bxc3 11. bxc3 h4 12. Be5 f6 13. Nxg5 fxe5 14. Nxe4 dxe4 15. d5 exd5 16. cxd5 Ne7 17. Qxe4 Qd6 18. Bb5+ c6 19. Bd3 Qxd5 20. Qb4 Qxa2 21. Bc4 Qxf2 22. Rhf1 Qxe3+ 23. Kb2 Bf5 24. Bf7+ Kxf7 25. Rd7 Qe2+ 26. Kb3 Qxf1 27. Qxe7+ Kg6 28. Qg7+ Kh5 29. Qf7+ Kg5 30. Qg7+ Kf4 31. g3+ Ke4 32. Qg5 Bxd7 0-1

[Event "BEL-chT 0203"]
[Site "Belgium"]
[Date "2003.01.12"]
[Round "6.7"]
[White "Cappon, John"]
[Black "Van de Velde, Koen"]
[Result "1/2-1/2"]
[WhiteElo "2157"]
[BlackElo "2144"]
[PlyCount "99"]
[EventDate "2002.10.06"]
[EventType "team"]
[EventRounds "11"]
[EventCountry "BEL"]
[SourceTitle "EXT 2004"]
[Source "ChessBase"]
[SourceDate "2003.11.25"]
[SourceVersion "1"]
[SourceVersionDate "2003.11.25"]
[SourceQuality "1"]
[WhiteTeam "Charleroi CREC"]
[BlackTeam "Gent"]
[WhiteTeamCountry "BEL"]
[BlackTeamCountry "BEL"]

1. e4 e5 2. Nc3 Nc6 3. Bc4 Nf6 4. d3 Na5 5. Nge2 c6 6. Bg5 Be7 7. Ng3 d6 8. 0-0 0-0 9. a3 Nxc4 10. dxc4 Be6 11. Qd3 h6 12. Bxf6 Bxf6 13. Rfd1 Be7 14. Nf5 Bxf5 15. exf5 Qc8 16. Qf3 Qc7 17. Rd3 Rfd8 18. Rad1 f6 19. Qg4 Kh8 20. Qg6 Bf8 21. f4 a6 22. Qg4 b5 23. cxb5 axb5 24. fxe5 dxe5 25. Ne4 c5 26. Qe2 c4 27. Rd5 Rxd5 28. Rxd5 b4 29. axb4 Qb6+ 30. Kh1 Qxb4 31. c3 Qb6 32. g3 Ra2 33. Rd2 Qc6 34. Kg2 Qc8 35. Qf3 Qb7 36. Nf2 Rxb2 37. Rxb2 Qxb2 38. Qa8 Qa3 39. Qc8 Qc5 40. Qxc5 Bxc5 41. Nd1 g6 42. g4 h5 43. h3 hxg4 44. hxg4 gxf5 45. gxf5 Kg7 46. Kf3 Ba3 47. Ke4 Bc1 48. Nf2 Kh6 49. Ng4+ Kg5 50. Nxe5 1/2-1/2

[Event "BEL VSF op-A"]
[Site "Belgium"]
[Date "2001.??.??"]
[Round "?"]
[White "Van de Velde, Koen"]
[Black "Cools, Gorik"]
[Result "1-0"]
[WhiteElo "2205"]
[BlackElo "2355"]
[PlyCount "93"]
[EventDate "2001.??.??"]
[EventType "swiss"]
[EventRounds "7"]
[EventCountry "BEL"]
[SourceTitle "EXT 2003"]
[Source "ChessBase"]
[SourceDate "2002.11.25"]
[SourceVersion "1"]
[SourceVersionDate "2002.11.25"]
[SourceQuality "1"]

1. c4 e5 2. Nc3 Nf6 3. g3 Bb4 4. Bg2 0-0 5. Nf3 Re8 6. 0-0 d6 7. Qc2 a5 8. d4 Bxc3 9. Qxc3 e4 10. Ng5 h6 11. Nh3 Bf5 12. f3 Nbd7 13. Nf2 c6 14. Bf4 d5 15. c5 Qe7 16. b3 h5 17. a3 Qe6 18. b4 a4 19. Ra2 Nh7 20. Rb2 g5 21. Bc1 Ndf8 22. b5 Ng6 23. bxc6 bxc6 24. Rb6 g4 25. fxe4 dxe4 26. Nd1 Ne7 27. Ne3 Nf6 28. Nxf5 Nxf5 29. Qd2 e3 30. Qd3 Ne7 31. d5 Nexd5 32. Bb2 Ne4 33. Qd4 f6 34. Bxe4 Qxe4 35. Qxe4 Rxe4 36. Rxc6 Rc4 37. Bxf6 Rc2 38. Be5 Rxe2 39. Rg6+ Kh7 40. Rd6 Rd2 41. Rf7+ Kg8 42. Rg7+ Kf8 43. Rh6 Rd1+ 44. Kg2 Rd2+ 45. Kf1 Rf2+ 46. Ke1 Ke8 47. Rg8+ 1-0

[Event "BEL-ch op"]
[Site "Ghent"]
[Date "2000.??.??"]
[Round "2"]
[White "Van Muylem, Tom"]
[Black "Van de Velde, Koen"]
[Result "0-1"]
[WhiteElo "1930"]
[BlackElo "2190"]
[PlyCount "60"]
[EventDate "2000.07.??"]
[EventType "swiss"]
[EventRounds "9"]
[EventCountry "BEL"]
[SourceTitle "EXT 2002"]
[Source "ChessBase"]
[SourceDate "2001.11.25"]
[SourceVersion "1"]
[SourceVersionDate "2001.11.25"]
[SourceQuality "1"]

1. e4 c6 2. d4 d5 3. exd5 cxd5 4. c4 Nf6 5. Nc3 g6 6. Qb3 Bg7 7. cxd5 0-0 8. Be2 Nbd7 9. Bf3 Nb6 10. Nge2 Bf5 11. 0-0 Qd7 12. Bf4 Rfd8 13. d6 exd6 14. Rac1 Be6 15. d5 Bg4 16. Nb5 Bxf3 17. gxf3 Nfxd5 18. Bg3 Qe7 19. Rfe1 Qf6 20. Nc7 Nxc7 21. Rxc7 Rac8 22. Rxb7 Nc4 23. Kg2 Na5 24. Qd5 Nxb7 25. Qxb7 Qxb2 26. Qa6 Re8 27. Bxd6 Rc2 28. Kf1 Bc3 29. Nxc3 Rxf2+ 30. Kg1 Ree2 0-1

[Event "Ghent op 22nd"]
[Site "Ghent"]
[Date "1999.??.??"]
[Round "3"]
[White "Van de Velde, Koen"]
[Black "Gurevich, Mikhail"]
[Result "0-1"]
[WhiteElo "2200"]
[BlackElo "2640"]
[PlyCount "72"]
[EventDate "1999.07.??"]
[EventType "swiss"]
[EventRounds "9"]
[EventCountry "BEL"]
[SourceTitle "EXT 2000"]
[Source "ChessBase"]
[SourceDate "1999.11.16"]
[SourceVersion "1"]
[SourceVersionDate "1999.11.16"]
[SourceQuality "1"]

1. c4 e5 2. Nc3 Nf6 3. g3 d5 4. cxd5 Nxd5 5. Bg2 Nb6 6. Nf3 Nc6 7. 0-0 Be7 8. d3 Be6 9. Be3 0-0 10. Qc1 f6 11. Rd1 Nd4 12. Bxd4 exd4 13. Ne4 Qd7 14. Nc5 Bxc5 15. Qxc5 Rfd8 16. Rdc1 Rac8 17. a4 Nxa4 18. Qxa7 b5 19. Nd2 c5 20. Qxd7 Rxd7 21. Nc4 bxc4 22. Rxa4 Rb8 23. Ra8 Rdd8 24. Ra6 Kf7 25. Ra7+ Kg6 26. dxc4 Rxb2 27. Be4+ Bf5 28. Bd3 Re8 29. Rc7 Rexe2 30. Bxf5+ Kxf5 31. Rxc5+ Ke4 32. Rd5 Rxf2 33. Re1+ Rfe2 34. Rd1 Rg2+ 35. Kf1 Rbf2+ 36. Ke1 Kf3 0-1